|
|
|
|
| LEADER |
00000nam a2200000 a 4500 |
| 001 |
vtls009453398 |
| 003 |
SK-MaSNL |
| 005 |
20260301211042.0 |
| 008 |
081209 000 0 eng |
| 040 |
|
|
|a SNK
|b slo
|c SNK
|e AACR2
|
| 100 |
1 |
|
|a Špirk, Eugen
|4 aut
|9 233997
|
| 245 |
1 |
|
|a Ako riešiť nedostatok maštaľného hnoja
|c Eugen Špirk
|
| 260 |
|
|
|a Bratislava
|b Populárno - vedecký film, Diafilm
|c 1958
|
| 300 |
|
|
|a 6 s.
|
| 999 |
|
|
|c 915570
|d 917500
|
| 952 |
|
|
|a SNK
|b SNK
|y PREZ
|7 0
|p 17A0606303
|o snkSD 16676
|i snkKSP 635/59
|3 rekatalogizácia
|0 0
|1 0
|4 0
|d 2008-12-09
|l 0
|r 2025-12-01 00:00:00
|w 2026-02-24
|